| 000 | 00609nam a2200181Ia 4500 | ||
|---|---|---|---|
| 008 | 151018s9999 xx 000 0 und d | ||
| 082 |
_bRBASDV53340 _a891.463 |
||
| 100 | _aअर्ल स्टेनले गार्डनर | ||
| 245 | _aबदनाम नववधू | ||
| 250 | _b1 | ||
| 260 |
_bसुकृत _c2010 |
||
| 300 | _a216 | ||
| 600 | _aअर्ल स्टेनले गार्डनर | ||
| 630 | _aबदनाम नववधू | ||
| 700 | _aअर्ल स्टेनले गार्डनर | ||
| 730 | _aबदनाम नववधू | ||
| 942 | _cBOOK | ||
| 999 |
_c1051446 _d1051443 |
||